Classics in Total Synthesis 11 More Targets, Strategies Methods (Record no. 2225)

MARC details
000 -LEADER
fixed length control field 00359nam a22001337a 4500
008 - FIXED-LENGTH DATA ELEMENTS--GENERAL INFORMATION
fixed length control field 250311b |||||||| |||| 00| 0 eng d
020 ## - INTERNATIONAL STANDARD BOOK NUMBER
ISBN 9783527306856
100 ## - MAIN ENTRY--AUTHOR
Author Nicolaou K.C
245 ## - TITLE STATEMENT
Title Classics in Total Synthesis 11 More Targets, Strategies Methods
260 ## - PUBLICATION, DISTRIBUTION, ETC. (IMPRINT)
Place of publication Weinheim
Name of publisher Wiley-VCH
Date of publication 2003
300 ## - COLLATION
Pagination XIX,639P
942 ## - ADDED ENTRY ELEMENTS (KOHA)
Item type Books
050 ## - LIBRARY OF CONGRESS CALL NUMBER
Classification number QD262
Item number .N53
Holdings
Source of classification or shelving scheme Not for loan Permanent location Current location Date acquired Accession No. Full call number Barcode. Koha item type
Library of Congress Classification   Samuel Ogbemudia Main Library, University of Abuja Samuel Ogbemudia Main Library, University of Abuja 03/11/2025 2024/63843 QD262.N53 2025-0467 Books